Score 0/16 Timer 02:00
0 Plays Today
Clue 4-Letter Word % Correct
Material on beaches SAND
98.8%
'That's what she ____' - The OfficeSAID
98.6%
Lacking hair, like an eagleBALD
98.6%
The Beatles or The Byrds, e.g.BAND
98.3%
Go out in wind-propelled boatSAIL
96.7%
Money paid to a landlordRENT
96.6%
1/100th of a dollarCENT
96.1%
Follower of 'basket' or 'base'BALL
91.8%
Clue 4-Letter Word % Correct
The outside of a watermelon or cheeseRIND
89.8%
Ancient person of IrelandCELT
89.1%
Rung instrumentBELL
88.2%
Tear in halfREND
87%
Tie up with stringBIND
86.8%
Place to find [First Rung] [Last Rung]CELL
85.7%
With [Last Rung], name for a prisonerJAIL
82.1%
With [First Rung], name for a prisonerBIRD
72.8%

Today's Daily Dose

Get the Picture
Which JB?

Remove Ads.
Support Sporcle.
Get the best of Sporcle when you Go Orange. This ad-free experience offers more features, more stats, and more fun while also helping to support Sporcle. Thank you for becoming a member.

You're not logged in!

Compare scores with friends on all Sporcle quizzes.
OR
Log In

Show Comments

Extras

Top Quizzes Today


Score Distribution

Your Account Isn't Verified!

In order to create a playlist on Sporcle, you need to verify the email address you used during registration. Go to your Sporcle Settings to finish the process.

Report this User

Report this user for behavior that violates our Community Guidelines.

Details: